Dolphin Music (Registro nro. 25982)
[ vista simple ]
| 000 -CABECERA | |
|---|---|
| Longitud fija campo de control | 00635nam a22002411 4500 |
| 001 - NÚMERO DE CONTROL | |
| Número de control | 278236 |
| 003 - IDENTIFICADOR DELl NÚMERO DE CONTROL | |
| Identificador del número de control | OSt |
| 005 - FECHA Y HORA DE LA ÚLTIMA TRANSACCIÓN | |
| Fecha y hora de la última transacción | 20180404143603.0 |
| 008 - CÓDIGOS DE INFORMACIÓN DE LONGITUD FIJA | |
| Códigos de información de longitud fija | 840615s1962 maua 000 0 eng |
| 020 ## - NÚMERO INTERNACIONAL NORMALIZADO PARA LIBROS | |
| Número Internacional Normalizado para Libros (ISBN) | 0-521-66618-X |
| 040 ## - FUENTE DE LA CATALOGACIÓN | |
| Centro transcriptor | CRI |
| 082 ## - NÚMERO DE LA CLASIFICACIÓN DECIMAL DEWEY | |
| Númeroo de clasificación | 823 |
| 100 1# - PUNTO DE ACCESO PRINCIPAL-NOMBRE DE PERSONA | |
| Nombre de persona | Moses, Antoinette |
| 9 (RLIN) | 39805 |
| 245 10 - MENCIÓN DE TÍTULO | |
| Título | Dolphin Music |
| Mención de responsabilidad, etc. | Antoinette Moses; Editor: Philip Prowse. |
| 260 ## - PUBLICACIÓN, DISTRIBUCIÓN, ETC. (PIE DE IMPRENTA) | |
| Lugar de publicación, distribución, etc. | New York |
| Nombre del editor, distribuidor, etc. | cambridge |
| Fecha de publicación, distribución, etc. | 2003 |
| 300 ## - DESCRIPCIÓN FÍSICA | |
| Extensión | 96 p. |
| Otras características físicas | il. |
| Dimensiones | 19.5cm |
| 490 ## - MENCIÓN DE SERIE | |
| Mención de serie | Philip Prowse |
| 500 ## - NOTA GENERAL | |
| Nota general | Índice: p. [3] |
| 505 ## - NOTA DE CONTENIDO CON FORMATO | |
| Nota de contenido con formato | Level 5. |
| 650 #0 - PUNTO DE ACCESO ADICIONAL DE MATERIA - TÉRMINO DE MATERIA | |
| 9 (RLIN) | 11162 |
| Término de materia o nombre geográfico como elemento inicial | Novela inglesa |
| 700 1# - PUNTO DE ACCESO ADICIONAL - NOMBRE DE PERSONA | |
| 9 (RLIN) | 18140 |
| Nombre de persona | Prowse, Philip |
| 942 ## - ENTRADA DE ELEMENTOS AGREGADOS (KOHA) | |
| Fuente de clasificaión o esquema | Dewey Decimal Classification |
| Koha [por defecto] tipo de item | 1- Monografias |
| Parte de clasificación | prozim |
| Suprimido | Perdido | Fuente de clasificación o esquema | Estropeado | Restricciones de uso | No para préstamo | Código de colección | Localización permanente | Localización actual | Localización en estanter&íacute;as | Fecha adquisición | Fuente de adquisición | Número de inventario | Préstamos totales | Signatura completa | Código de barras | Fecha última consulta | Fecha último préstamo | Fecha del precio de reemplazo | Tipo de item de Koha |
|---|---|---|---|---|---|---|---|---|---|---|---|---|---|---|---|---|---|---|---|
| NULL | NULL | Dewey Decimal Classification | NULL | Prestable | NULL | NULL | Biblioteca Centro Regional de Ilobasco | Biblioteca Centro Regional de Ilobasco | Sala Principal | 11/03/2011 | UNICAES | LI001727 | 2 | N MOS dol | 1038251 | 19/01/2019 | 15/01/2019 | 22/09/2016 | 1- Monografias |
| NULL | NULL | Dewey Decimal Classification | NULL | Prestable | NULL | NULL | Biblioteca Centro Regional de Ilobasco | Biblioteca Centro Regional de Ilobasco | Sala Principal | 10/04/2010 | LI001743 | 1 | N MOS dol | 1038274 | 16/05/2018 | 16/05/2018 | 22/09/2016 | 1- Monografias |